Tábor padlých žien (Record no. 21234)
[ view plain ]
| 000 -LEADER | |
|---|---|
| fixed length control field | 01495cam a2200421 a 4500 |
| 001 - CONTROL NUMBER | |
| control field | 21234 |
| 003 - CONTROL NUMBER IDENTIFIER | |
| control field | VRT |
| 005 - DATE AND TIME OF LATEST TRANSACTION | |
| control field | 20260224163608.0 |
| 008 - FIXED-LENGTH DATA ELEMENTS--GENERAL INFORMATION | |
| fixed length control field | 200316s2017 xo e 000 f slo |
| 015 ## - NATIONAL BIBLIOGRAPHY NUMBER | |
| National bibliography number | SNBA/2018 |
| 020 ## - INTERNATIONAL STANDARD BOOK NUMBER | |
| International Standard Book Number | 9788056900741 |
| Qualifying information | (viaz.) |
| 035 ## - SYSTEM CONTROL NUMBER | |
| System control number | urn:nbn:sk:snk-am00dge7 |
| 035 ## - SYSTEM CONTROL NUMBER | |
| System control number | urn:nbn:sk:snk-am3i1e7 |
| 035 ## - SYSTEM CONTROL NUMBER | |
| System control number | 21BCF318-543A-432A-A23D-2DE230D332F2 |
| 039 #9 - LEVEL OF BIBLIOGRAPHIC CONTROL AND CODING DETAIL [OBSOLETE] | |
| Level of rules in bibliographic description | 202108061949 |
| Level of effort used to assign nonsubject heading access points | csnk01 |
| Level of effort used to assign subject headings | 202003161051 |
| Level of effort used to assign classification | VLOAD |
| Level of effort used to assign subject headings | 201806191447 |
| Level of effort used to assign classification | mvthk05 |
| Level of effort used to assign subject headings | 201804051020 |
| Level of effort used to assign classification | csnk01 |
| 040 ## - CATALOGING SOURCE | |
| Original cataloging agency | MIZKGZ |
| Language of cataloging | slo |
| Transcribing agency | MIZKGZ |
| Modifying agency | SNK |
| Description conventions | AACR2 |
| 041 0# - LANGUAGE CODE | |
| Language code of text/sound track or separate title | slo |
| 044 ## - COUNTRY OF PUBLISHING/PRODUCING ENTITY CODE | |
| MARC country code | xo |
| ISO country code | SK |
| 072 #7 - SUBJECT CATEGORY CODE | |
| Subject category code | 821.162.4-3 |
| Subject category code subdivision | Slovenská próza |
| Source | konspekt |
| 080 ## - UNIVERSAL DECIMAL CLASSIFICATION NUMBER | |
| Universal Decimal Classification number | 821.162.4-31 |
| Edition identifier | 2011 |
| 100 1# - MAIN ENTRY--PERSONAL NAME | |
| Personal name | Baláž, Anton, |
| Dates associated with a name | 1943- |
| Relationship | aut |
| 245 10 - TITLE STATEMENT | |
| Title | Tábor padlých žien |
| Statement of responsibility, etc. | Anton Baláž |
| 250 ## - EDITION STATEMENT | |
| Edition statement | [2. vyd.] |
| 260 ## - PUBLICATION, DISTRIBUTION, ETC. | |
| Place of publication, distribution, etc. | Bratislava |
| Name of publisher, distributor, etc. | Marenčin PT |
| Date of publication, distribution, etc. | 2017 |
| 300 ## - PHYSICAL DESCRIPTION | |
| Extent | 293 s. |
| Dimensions | 21 cm |
| 500 ## - GENERAL NOTE | |
| General note | Celkovo 4. vydanie |
| 500 ## - GENERAL NOTE | |
| General note | Údaje o poradí vydania podľa NA ISBN |
| 655 #7 - INDEX TERM--GENRE/FORM | |
| Genre/form data or focus term | slovenské romány |
| Source of term | SNKPH |
| 655 #7 - INDEX TERM--GENRE/FORM | |
| Genre/form data or focus term | Slovak fiction |
| Source of term | SNKPHeng |
| 910 ## - USER-OPTION DATA (OCLC) | |
| User-option data | vthk |
| 942 ## - ADDED ENTRY ELEMENTS (KOHA) | |
| Source of classification or shelving scheme | Dewey Decimal Classification |
| Koha item type | Krásna literatúra pre dospelých |
| Suppress in OPAC | No |
| 949 ## - LOCAL PROCESSING INFORMATION (OCLC) | |
| 6 | 17A1322829 |
| a | snkSC 178786 |
| b | snk2018/6884 |
| o | 795/18 |
| s | 6100:20180406 |
| 949 ## - LOCAL PROCESSING INFORMATION (OCLC) | |
| 6 | 17A1322830 |
| a | snkSC 178786 D1 |
| b | snk2018/6885 |
| o | 795/18 |
| 949 ## - LOCAL PROCESSING INFORMATION (OCLC) | |
| 6 | 270001000587344 |
| a | svkbbA 153676 |
| b | svkbbm 775018 |
| 949 ## - LOCAL PROCESSING INFORMATION (OCLC) | |
| 6 | 2889336692 |
| a | savukPV 25876 |
| b | savuk2018/1172 |
| 949 ## - LOCAL PROCESSING INFORMATION (OCLC) | |
| 6 | 3830001132694 |
| a | kurukT18/BALA1-6 |
| b | kuruk2019/F2458 |
| o | D2019/Baláž, Anton/16.4.2019 |
| 949 ## - LOCAL PROCESSING INFORMATION (OCLC) | |
| 6 | 273K0634053 |
| a | svkpoA 239626 |
| b | svkpo628891 |
| Stav vyradenia | Strata | Poškodenie | Spôsob nadobudnutia | Domovská knižnica | Aktuálna knižnica | Dátum nadobudnutia | Total checkouts | Čiarový kód exemplára | Date last seen | Typ exemplára |
|---|---|---|---|---|---|---|---|---|---|---|
| Dar | Obecná knižnica Horná Štubňa | Obecná knižnica Horná Štubňa | 24.02.2026 | 9788056900741 | 24.02.2026 | Krásna literatúra pre dospelých |
